[Event "World Rapid Women 2017"]
[Site "Riyadh KSA"]
[Date "2017.12.26"]
[Round "3.25"]
[White "Socko, Monika"]
[Black "Gu, Xiaobing"]
[Result "1-0"]
[WhiteTitle "GM"]
[BlackTitle "WGM"]
[WhiteElo "2471"]
[BlackElo "2332"]
[WhiteFideId "1106619"]
[BlackFideId "8602611"]
[EventDate "2017.12.26"]

1. d4 Nf6 2. c4 g6 3. Nf3 Bg7 4. g3 O-O 5. Bg2 d6 6. O-O Nc6 7. Nc3 Rb8 8. e4
Bg4 9. Be3 Nd7 10. h3 Bxf3 11. Bxf3 e5 12. d5 Nd4 13. Nb5 Qf6 14. Bg2 a6 15. Nc3
c5 16. dxc6 bxc6 17. Rb1 Nc5 18. b4 Nce6 19. a4 Qd8 20. Ne2 a5 21. b5 Qd7 22.
Nc3 Rfc8 23. Rc1 cxb5 24. cxb5 Rc4 25. Nd5 Rxc1 26. Bxc1 Nc7 27. Ne3 Na8 28. Bd2
Qa7 29. Nc4 Nb6 30. Nxa5 Rc8 31. Kh2 h5 32. Bb4 Nc2 33. Nc6 Rxc6 34. bxc6 Nxb4
35. Qxd6 Bf8 36. Qxe5 Nxc6 37. Qf6 Qxa4 38. e5 Nxe5 39. Qxe5 h4 40. Rb1 Nd7 41.
Qe4 hxg3+ 42. fxg3 Qa3 43. Qf3 Qa2 44. Rb7 Ne5 45. Qe4 Bg7 46. Rb8+ Kh7 47. Re8
Qb2 48. Re7 Qc3 49. Rb7 Qd2 50. Qh4+ Bh6 51. Qf6 Bg7 52. Qf4 Qa2 53. Rb8 Qe2 54.
Qh4+ Bh6 55. Qe4 Be3 56. Re8 Qe1 57. Qh4+ Bh6 58. Re7 Qa1 59. Qe4 Bg7 60. Re8
Qb2 61. Ra8 Bf6 62. Qb7 Qf2 63. Ra4 Kg7 64. Qd5 Qc2 65. Rf4 Nd3 66. Rf1 Ne5 67.
Qd6 1-0

[Event "World Rapid Women 2017"]
[Site "Riyadh KSA"]
[Date "2017.12.26"]
[Round "3.26"]
[White "Sedina, Elena"]
[Black "Nechaeva, Marina"]
[Result "1-0"]
[WhiteTitle "IM"]
[BlackTitle "IM"]
[WhiteElo "2312"]
[BlackElo "2424"]
[WhiteFideId "812153"]
[BlackFideId "4149351"]
[EventDate "2017.12.26"]

1. e4 c6 2. d4 d5 3. Nd2 dxe4 4. Nxe4 Bf5 5. Ng3 Bg6 6. N1e2 Nd7 7. h4 h6 8. Nf4
Bh7 9. Bc4 e6 10. c3 Ngf6 11. O-O Bd6 12. Bxe6 fxe6 13. Nxe6 Qa5 14. Qb3 Qd5 15.
Nxg7+ Kf7 16. c4 Qa5 17. Bxh6 Qb4 18. N7f5 Qxb3 19. Nxd6+ Ke6 20. axb3 Kxd6 21.
Rfe1 Kc7 22. Re7 Rae8 23. Bf4+ Kd8 24. Rxe8+ Rxe8 25. f3 a6 26. Kf2 Bc2 27. b4
Bd3 28. Rc1 Rh8 29. Rc3 Bg6 30. Bg5 Kc7 31. Ne2 Rf8 32. Bf4+ Kd8 33. g4 Ne8 34.
h5 Bf7 35. b3 Nc7 36. Bg5+ Kc8 37. Nf4 b5 38. Be7 Re8 39. Bd6 bxc4 40. bxc4 Ne6
41. Nxe6 Rxe6 42. Bg3 Kb7 43. d5 Re8 44. dxc6+ Kxc6 45. Rd3 Ne5 46. b5+ axb5 47.
cxb5+ Kxb5 48. Bxe5 Rxe5 49. Kg3 Kc6 50. Kf4 Rb5 51. Rd8 Rb3 52. h6 Bg6 53. Kg5
Bb1 54. f4 Kc7 55. Rd1 Bh7 56. Kf6 Kc8 57. f5 Rb5 58. Kg7 Rb7+ 59. Kf8 Rc7 60.
Rd5 Kb7 61. g5 Kc6 62. Re5 Rc8+ 63. Kg7 Rc7+ 64. Kf6 1-0

[Event "World Rapid Women 2017"]
[Site "Riyadh KSA"]
[Date "2017.12.26"]
[Round "3.27"]
[White "Ordaz Valdes, Lisandra Teresa"]
[Black "Hoolt, Sarah"]
[Result "0-1"]
[WhiteTitle "WGM"]
[BlackTitle "WGM"]
[WhiteElo "2414"]
[BlackElo "2405"]
[WhiteFideId "3506940"]
[BlackFideId "24606812"]
[EventDate "2017.12.26"]

1. d4 d6 2. c4 e5 3. Nc3 exd4 4. Qxd4 Nc6 5. Qd2 Nf6 6. b3 a5 7. Bb2 a4 8. e4
axb3 9. axb3 Rxa1+ 10. Bxa1 Be6 11. Bd3 Qa8 12. Bb2 Ne5 13. Nge2 Nxd3+ 14. Qxd3
Qa5 15. O-O Be7 16. Ra1 Qg5 17. Ra8+ Bd8 18. b4 O-O 19. Bc1 Qh5 20. Nf4 Qe5 21.
h3 Be7 22. Ra7 Bc8 23. Be3 h6 24. Nfd5 Nxd5 25. Nxd5 Bd8 26. Bd4 Qe6 27. Nf4 Qe7
28. Nh5 f6 29. Nf4 Qf7 30. c5 f5 31. e5 dxe5 32. Bxe5 Re8 33. Qd4 Qe7 34. Nd3 c6
35. f4 Be6 36. Kh2 Bd5 37. Qf2 Qf7 38. Bd6 Bf6 39. Ne5 Bxe5 40. Bxe5 Rd8 41. Ra3
Be4 42. Rg3 g5 43. fxg5 h5 44. g6 Qd5 45. Qf4 Rd7 46. Bc3 Kf8 47. g7+ Kg8 48.
Qh6 0-1

[Event "World Rapid Women 2017"]
[Site "Riyadh KSA"]
[Date "2017.12.26"]
[Round "3.28"]
[White "Michna, Marta"]
[Black "Gaponenko, Inna"]
[Result "1/2-1/2"]
[WhiteTitle "WGM"]
[BlackTitle "IM"]
[WhiteElo "2377"]
[BlackElo "2435"]
[WhiteFideId "1106686"]
[BlackFideId "14101181"]
[EventDate "2017.12.26"]

1. d4 d6 2. Nf3 g6 3. c3 Bg7 4. e4 Nf6 5. Qc2 O-O 6. h3 c5 7. dxc5 dxc5 8. Bf4
b6 9. Nbd2 Bb7 10. Be2 Nbd7 11. O-O Qc8 12. Rfe1 Qc6 13. a4 a6 14. Bf1 b5 15.
Qb3 c4 16. Qb4 Nh5 17. Be3 e5 18. b3 Rfc8 19. axb5 axb5 20. bxc4 Bf8 21. Qxb5
Qc7 22. c5 Nxc5 23. Nc4 Rxa1 24. Rxa1 Bxe4 25. Ncxe5 Bd6 26. Bd4 Rb8 27. Qc4 Ne6
28. Qxc7 Bxc7 29. Bc4 Nhf4 30. Nd7 Bxf3 31. Nxb8 Bxb8 32. gxf3 Nxd4 33. cxd4
Nxh3+ 34. Kf1 Kg7 35. Ra8 Bf4 36. Ra7 Ng5 37. Rd7 h5 38. d5 h4 39. d6 h3 40. Bd5
Kf6 41. Kg1 Be5 42. Rd8 Bf4 43. Kh1 h2 44. Kg2 Ne6 45. Bxe6 Kxe6 46. d7 g5 47.
Rf8 Kxd7 48. Rxf7+ Ke6 49. Rh7 Kf5 50. Rh8 Be5 51. Rxh2 Bxh2 52. Kxh2 Kf4 53.
Kg2 g4 54. fxg4 Kxg4 55. f3+ Kf4 56. Kf2 Kf5 57. Ke3 Ke5 58. f4+ Kf5 59. Kf3 Kf6
60. Ke4 Ke6 61. f5+ Kf6 62. Kf4 Kf7 63. Ke5 Ke7 64. f6+ Kf7 65. Kf5 Kf8 66. Ke6
Ke8 1/2-1/2

[Event "World Rapid Women 2017"]
[Site "Riyadh KSA"]
[Date "2017.12.26"]
[Round "3.29"]
[White "Melia, Salome"]
[Black "Mamedjarova, Zeinab"]
[Result "0-1"]
[WhiteTitle "IM"]
[BlackTitle "WGM"]
[WhiteElo "2404"]
[BlackElo "2363"]
[WhiteFideId "13602446"]
[BlackFideId "13401521"]
[EventDate "2017.12.26"]

1. e4 e5 2. Nf3 d6 3. d4 Nd7 4. Bc4 c6 5. a4 Ngf6 6. Nc3 Be7 7. O-O O-O 8. Re1
a5 9. h3 Re8 10. Ba2 Bf8 11. Ng5 Re7 12. dxe5 dxe5 13. Be3 Qe8 14. Qe2 h6 15.
Nf3 Kh7 16. Nd2 Qd8 17. Nc4 Qc7 18. Rad1 Re8 19. Nd2 Nc5 20. Nb3 Nxb3 21. Bxb3
Bb4 22. Bd2 Be6 23. Bxe6 Rxe6 24. Nb1 Rd6 25. Bc3 Bxc3 26. Nxc3 Rad8 27. Rxd6
Rxd6 28. Rd1 Rxd1+ 29. Qxd1 Qb6 30. b3 Qd4 31. Qe1 g6 32. g3 Qb4 33. Qe3 Kg7 34.
Kg2 Nd7 35. Qd3 Nc5 36. Qe3 Ne6 37. Ne2 Qe1 38. Qd3 Qb4 39. Qe3 b5 40. Nc3 Nd4
41. Qd3 Qc5 42. axb5 cxb5 43. Ne2 Qxc2 44. Qxc2 Nxc2 45. Nc3 Nd4 46. Kf1 b4 47.
Na4 Nxb3 48. Ke2 Nd4+ 49. Kd3 f5 50. exf5 gxf5 51. Kc4 Kf6 52. Nc5 b3 53. Na4
Nf3 54. Kxb3 Nd2+ 55. Kc2 Ne4 56. f4 Nxg3 57. fxe5+ Kxe5 58. Kd3 Ne4 59. Ke3 f4+
60. Kf3 Ng5+ 61. Kg4 f3 62. Kg3 f2 63. Kxf2 Nxh3+ 64. Kg3 Ng5 65. Kg4 Kd4 66.
Nb6 Nf7 67. Kh5 Kc5 68. Na4+ Kb4 69. Nb6 a4 70. Kg6 a3 71. Nd5+ Kb3 0-1

[Event "World Rapid Women 2017"]
[Site "Riyadh KSA"]
[Date "2017.12.26"]
[Round "3.30"]
[White "Voit, Daria"]
[Black "Kovanova, Baira"]
[Result "1-0"]
[WhiteTitle "FM"]
[BlackTitle "WGM"]
[WhiteElo "2390"]
[BlackElo "2367"]
[WhiteFideId "4182146"]
[BlackFideId "4164083"]
[EventDate "2017.12.26"]

1. d4 Nf6 2. c4 e6 3. Nf3 b6 4. g3 Bb4+ 5. Bd2 Bxd2+ 6. Qxd2 Ba6 7. b3 O-O 8.
Bg2 c6 9. O-O d5 10. Nc3 Nbd7 11. Rfc1 dxc4 12. e4 e5 13. Rd1 Qc7 14. bxc4 Rad8
15. Bf1 exd4 16. Qxd4 Rfe8 17. Qe3 Ng4 18. Qf4 Qxf4 19. gxf4 Ngf6 20. Nd4 Nb8
21. f3 g6 22. Kf2 Nh5 23. Ke3 Ng7 24. a4 Rc8 25. a5 Nf5+ 26. Nxf5 gxf5 27. axb6
axb6 28. Rd6 fxe4 29. fxe4 Rcd8 30. Rad1 Rxd6 31. Rxd6 Kg7 32. e5 Re7 33. Rd8
Nd7 34. Ne4 f6 35. e6 Nc5 36. Nxc5 bxc5 37. f5 Rb7 38. Bg2 Rb3+ 1-0

[Event "World Rapid Women 2017"]
[Site "Riyadh KSA"]
[Date "2017.12.26"]
[Round "3.31"]
[White "Nakhbayeva, Guliskhan"]
[Black "Savina, Anastasia"]
[Result "1-0"]
[WhiteTitle "WGM"]
[BlackTitle "IM"]
[WhiteElo "2314"]
[BlackElo "2350"]
[WhiteFideId "13704788"]
[BlackFideId "4196872"]
[EventDate "2017.12.26"]

1. d4 d6 2. c4 g6 3. e4 Bg7 4. Nc3 e5 5. d5 Nd7 6. Bd3 Nc5 7. Bc2 a5 8. h3 h5 9.
Nge2 Bh6 10. O-O Bxc1 11. Rxc1 Nf6 12. a3 Bd7 13. b4 axb4 14. axb4 Na6 15. Rb1
h4 16. f4 Qe7 17. Qd2 Nh5 18. f5 g5 19. f6 Nxf6 20. Qxg5 Nh5 21. Qe3 Rg8 22. Rf3
Qg5 23. Qf2 Rg7 24. c5 dxc5 25. bxc5 Nxc5 26. g4 b6 27. Kh2 Ng3 28. Nxg3 hxg3+
29. Qxg3 Ra3 30. Rbf1 Rh7 31. Kg2 Nb7 32. Qf2 Nd6 33. Nd1 Ra2 34. Ne3 Nxe4 35.
Qe1 Nd6 36. Qb1 Rxc2+ 37. Qxc2 Qh6 38. Qxc7 e4 39. Rg3 Ke7 40. Qxb6 Rh8 41. Qd4
Rb8 42. Qe5+ Kd8 43. Rf6 Qf8 44. Rxd6 1-0

[Event "World Rapid Women 2017"]
[Site "Riyadh KSA"]
[Date "2017.12.26"]
[Round "3.32"]
[White "Arakhamia-Grant, Ketevan"]
[Black "Zozulia, Anna"]
[Result "0-1"]
[WhiteTitle "GM"]
[BlackTitle "IM"]
[WhiteElo "2350"]
[BlackElo "2316"]
[WhiteFideId "13600168"]
[BlackFideId "14102110"]
[EventDate "2017.12.26"]

1. e4 c5 2. Nf3 Nc6 3. d4 cxd4 4. Nxd4 e5 5. Nb5 d6 6. c4 Be6 7. Be2 Nf6 8. N1c3
a6 9. Na3 Be7 10. Be3 O-O 11. O-O Rc8 12. f3 Nh5 13. Qd2 Nf4 14. Nd5 Bxd5 15.
cxd5 Nd4 16. Bxd4 Nxe2+ 17. Qxe2 exd4 18. Qd3 Qb6 19. Rab1 Qb4 20. f4 b5 21. Kh1
Rc7 22. Rfd1 Rfc8 23. h3 Qa5 24. Rd2 Bf6 25. Rbd1 g6 26. Re2 Re8 27. Nc2 Qxa2
28. Nxd4 Bxd4 29. Qxd4 Qc4 30. e5 Qxe2 0-1

[Event "World Rapid Women 2017"]
[Site "Riyadh KSA"]
[Date "2017.12.26"]
[Round "3.33"]
[White "Vo, Thi Kim Phung"]
[Black "Galojan, Lilit"]
[Result "1-0"]
[WhiteTitle "WGM"]
[BlackTitle "IM"]
[WhiteElo "2380"]
[BlackElo "2300"]
[WhiteFideId "12401838"]
[BlackFideId "13301314"]
[EventDate "2017.12.26"]

1. d4 Nf6 2. c4 e6 3. Nc3 Bb4 4. Qc2 O-O 5. Nf3 b6 6. Bg5 Bb7 7. e3 h6 8. Bh4 d6
9. Bd3 Nbd7 10. a3 Bxc3+ 11. Qxc3 c5 12. O-O Rc8 13. b4 Bxf3 14. gxf3 cxd4 15.
Qxd4 Ne5 16. Kg2 Qc7 17. Be2 g5 18. Bg3 Rfd8 19. Rac1 Kg7 20. Rfd1 Nc6 21. Qb2
Qe7 22. f4 e5 23. fxe5 Nxe5 24. h3 Ne4 25. f4 gxf4 26. exf4 Nxg3 27. Kxg3 Kh7
28. fxe5 Qg5+ 29. Bg4 h5 30. Qc2+ Kh6 31. Qd2 Qxd2 32. Rxd2 hxg4 33. Rxd6+ Rxd6
34. exd6 Kg5 35. hxg4 Kf6 36. Kf4 Ke6 37. c5 Kd7 38. Kf5 Re8 39. Kf6 bxc5 40.
bxc5 Rg8 41. Rc4 1-0

[Event "World Rapid Women 2017"]
[Site "Riyadh KSA"]
[Date "2017.12.26"]
[Round "3.34"]
[White "Sukandar, Irine Kharisma"]
[Black "Doluhanova, Evgeniya"]
[Result "0-1"]
[WhiteTitle "IM"]
[BlackTitle "WGM"]
[WhiteElo "2384"]
[BlackElo "2352"]
[WhiteFideId "7101937"]
[BlackFideId "14112035"]
[EventDate "2017.12.26"]

1. d4 Nf6 2. Nf3 e6 3. Bf4 b6 4. e3 Bb7 5. Nbd2 d6 6. Bd3 Be7 7. c3 Nh5 8. Bg3
Nxg3 9. hxg3 h6 10. Qe2 Nd7 11. e4 e5 12. dxe5 Nxe5 13. Nxe5 dxe5 14. Nf3 Bf6
15. Ba6 Bxa6 16. Qxa6 O-O 17. Rd1 Qe8 18. Qc4 Qe6 19. Qxe6 fxe6 20. Rh5 Rae8 21.
Nxe5 Bxe5 22. Rxe5 g6 23. Ke2 Kf7 24. a4 Rd8 25. a5 Rxd1 26. Kxd1 c6 27. b4 Kf6
28. f4 g5 29. b5 c5 30. a6 Rg8 31. Kc2 Rd8 32. Kb3 Rd2 33. Ka3 Rd3 34. Kb3 Rd1
35. Kc2 Ra1 36. Kb2 Ra5 37. c4 Ra4 38. Kb3 Rb4+ 39. Kc3 Rb1 40. Kc2 Rg1 41. Kb2
Rxg2+ 42. Ka1 Rd2 43. Kb1 Rd4 44. Kb2 Rxc4 45. Ka3 Rb4 46. Ka2 Rxb5 47. Ka3 Ra5+
48. Kb3 Rxa6 49. Kc4 Ra2 50. Kb5 Rd2 51. Ka6 Rd7 52. Kb5 Rc7 53. Kc4 a6 54. Kb3
c4+ 55. Kc3 Rc5 56. Rxc5 bxc5 57. Kxc4 gxf4 58. gxf4 h5 59. Kxc5 h4 60. Kd6 h3
61. f5 h2 62. fxe6 h1=Q 63. e5+ Kg7 64. e7 Qd1+ 65. Ke6 Qa4 0-1

[Event "World Rapid Women 2017"]
[Site "Riyadh KSA"]
[Date "2017.12.26"]
[Round "3.35"]
[White "Gevorgyan, Maria"]
[Black "Zimina, Olga"]
[Result "0-1"]
[WhiteTitle "WIM"]
[BlackTitle "IM"]
[WhiteElo "2275"]
[BlackElo "2415"]
[WhiteFideId "13300270"]
[BlackFideId "4132190"]
[EventDate "2017.12.26"]

1. e4 c6 2. d4 d5 3. Nc3 dxe4 4. Nxe4 Bf5 5. Ng3 Bg6 6. Bc4 Nf6 7. N1e2 e6 8.
O-O Bd6 9. f4 Bf5 10. Nxf5 exf5 11. Kh1 O-O 12. Ng1 Nbd7 13. Bd3 g6 14. Nf3 Ng4
15. h3 Ngf6 16. Ne5 Nb6 17. Bd2 Bc7 18. c3 Ne4 19. Bxe4 fxe4 20. Qb3 Qd5 21. c4
Qe6 22. Rac1 f6 23. Ng4 f5 24. Ne3 Rfd8 25. Bc3 a5 26. a4 Qf7 27. g4 fxg4 28.
Nxg4 Qxc4 29. Qxc4+ Nxc4 30. Nf6+ Kf7 31. Nxe4 Ne3 32. Ng5+ Kg8 33. Rf3 Re8 34.
Bd2 Nd5 35. Rb3 Re2 36. Nf3 Rb8 37. f5 gxf5 38. Rg1+ Kf7 39. Bh6 b5 40. Rg7+ Kf6
41. axb5 Rxb5 42. Rxb5 cxb5 43. Rd7 Ke6 44. Rxh7 Rxb2 45. Ng5+ Kd6 46. Nf7+ Kc6
47. Ne5+ Bxe5 48. dxe5 Re2 49. Bg7 b4 50. Rh8 b3 51. Rc8+ Nc7 52. e6 b2 53. Bxb2
Rxb2 54. e7 Re2 55. Rf8 Rxe7 56. Rxf5 a4 57. Kg2 Nd5 58. h4 Ne3+ 0-1

[Event "World Rapid Women 2017"]
[Site "Riyadh KSA"]
[Date "2017.12.26"]
[Round "3.36"]
[White "Khukhashvili, Sopiko"]
[Black "Fataliyeva, Ulviyya"]
[Result "1-0"]
[WhiteTitle "IM"]
[BlackTitle "WGM"]
[WhiteElo "2312"]
[BlackElo "2384"]
[WhiteFideId "13602055"]
[BlackFideId "13403052"]
[EventDate "2017.12.26"]

1. e4 e6 2. b3 d5 3. Bb2 Nf6 4. e5 Nfd7 5. f4 c5 6. Nf3 Nc6 7. c4 d4 8. Na3 b6
9. Bd3 Bb7 10. Qe2 Be7 11. O-O O-O 12. Nc2 a5 13. Be4 Qc8 14. a3 Re8 15. Rae1
Rb8 16. f5 Nf8 17. f6 gxf6 18. exf6 Bxf6 19. Qf2 Qc7 20. b4 axb4 21. axb4 Bg7
22. b5 Na5 23. Bd3 Qf4 24. Qe2 Qg4 25. h3 Qg3 26. Nh2 e5 27. Be4 Bxe4 28. Qxe4
Nxc4 29. Bc1 Qg6 30. Qd5 Qxc2 31. Rxf7 Ne6 32. Rd7 Na5 33. Ng4 Qg6 34. Nxe5 Bxe5
35. Rxe5 Kh8 36. Bb2 Ng7 37. Rg5 Qe6 38. Bxd4 cxd4 39. Qxd4 Qxd7 40. Qxd7 Rg8
41. h4 Nb3 42. d4 Rbd8 43. Qc7 Rxd4 44. h5 h6 45. Rg6 Kh7 46. Qxb6 Nf5 47. Rxg8
Kxg8 48. Qe6+ Kg7 49. Qxf5 1-0

[Event "World Rapid Women 2017"]
[Site "Riyadh KSA"]
[Date "2017.12.26"]
[Round "3.37"]
[White "Zatonskih, Anna"]
[Black "Skripchenko, Almira"]
[Result "1-0"]
[WhiteTitle "IM"]
[BlackTitle "IM"]
[WhiteElo "2452"]
[BlackElo "2403"]
[WhiteFideId "14101572"]
[BlackFideId "13900145"]
[EventDate "2017.12.26"]

1. d4 d6 2. e4 Nf6 3. Nc3 e5 4. Nf3 Nbd7 5. Bc4 Be7 6. O-O O-O 7. a4 c6 8. a5 h6
9. Re1 Re8 10. h3 Bf8 11. Be3 exd4 12. Bxd4 Qc7 13. Nd2 Ne5 14. Bf1 c5 15. Be3
Nc6 16. Qf3 Nb4 17. Rec1 Qd8 18. Bf4 Nc6 19. g4 Nd4 20. Qg3 a6 21. Bd3 Be6 22.
Be3 Nb5 23. Nxb5 axb5 24. Bxb5 Bd7 25. Bxd7 Nxd7 26. Nc4 Rxe4 27. Nxd6 Rb4 28.
b3 Rxa5 29. Rxa5 Qxa5 30. Rd1 Qd8 31. Nc4 Qc8 32. Nd6 Qd8 33. Qf3 Qe7 34. Qxf7+
Qxf7 35. Nxf7 Kxf7 36. Rxd7+ Ke6 37. Rc7 b6 38. Kf1 g6 39. f3 h5 40. Ke2 Bd6 41.
Rg7 Kf6 42. Rd7 Ke6 43. Rb7 h4 44. Bd2 Rb5 45. Rg7 c4 46. Rxg6+ Kd7 47. bxc4 Rb1
48. Rh6 Bg3 49. g5 Ke7 50. f4 Rh1 51. f5 Rh2+ 52. Kd3 Rxh3 53. Ke4 Rh2 54. Bb4+
Ke8 55. Rh8+ Kd7 56. f6 Rf2 57. g6 1-0

[Event "World Rapid Women 2017"]
[Site "Riyadh KSA"]
[Date "2017.12.26"]
[Round "3.38"]
[White "Batsiashvili, Nino"]
[Black "Ambartsumova, Karina"]
[Result "1-0"]
[WhiteTitle "IM"]
[BlackTitle "WGM"]
[WhiteElo "2502"]
[BlackElo "2359"]
[WhiteFideId "13602993"]
[BlackFideId "4166299"]
[EventDate "2017.12.26"]

1. d4 Nf6 2. Nf3 g6 3. g3 Bg7 4. Bg2 O-O 5. O-O d6 6. b3 Nc6 7. Bb2 e5 8. d5 Ne7
9. c4 Bf5 10. Nc3 Qd7 11. Re1 b6 12. e4 Bh3 13. b4 a5 14. a3 Nh5 15. Bxh3 Qxh3
16. Qe2 Bh6 17. Qf1 Qd7 18. Bc1 Bxc1 19. Raxc1 axb4 20. axb4 Ra3 21. c5 bxc5 22.
bxc5 Rb8 23. Nd2 f5 24. exf5 Nxf5 25. g4 Nh4 26. gxh5 Rb2 27. Nce4 Qg4+ 28. Kh1
Qf4 29. cxd6 cxd6 30. Re3 Raa2 31. hxg6 Rxd2 1-0

[Event "World Rapid Women 2017"]
[Site "Riyadh KSA"]
[Date "2017.12.26"]
[Round "3.39"]
[White "Rapport, Jovana"]
[Black "Li, Ruofan"]
[Result "1/2-1/2"]
[WhiteTitle "WGM"]
[BlackTitle "IM"]
[WhiteElo "2299"]
[BlackElo "2351"]
[WhiteFideId "937266"]
[BlackFideId "8600643"]
[EventDate "2017.12.26"]

1. d4 d5 2. Nc3 Nf6 3. Bf4 c6 4. e3 Bf5 5. f3 h6 6. g4 Bh7 7. h4 e6 8. Bd3 Bd6
9. Nge2 Bxd3 10. cxd3 Bxf4 11. Nxf4 Nbd7 12. Qb3 Qb6 13. Qxb6 axb6 14. Kf2 Ke7
15. g5 Ne8 16. e4 dxe4 17. dxe4 e5 18. Nfe2 Nd6 19. d5 b5 20. b3 hxg5 21. dxc6
bxc6 22. hxg5 Rxh1 23. Rxh1 Nc5 24. Nc1 b4 25. Nd1 Nb5 26. Kg3 g6 27. Rh2 Ne6
28. Kg4 Rd8 29. Ne3 Nf4 30. Rc2 Nd4 31. Rc5 Kd6 32. Ra5 Nb5 33. Nc4+ Ke6 34. Ra6
Rc8 35. Nb2 Kd6 36. Ncd3 Nxd3 37. Nxd3 Rh8 38. Nxb4 Nd4 39. Ra7 Ke6 40. Nd3 Rh1
41. f4 Rg1+ 42. Kh3 exf4 43. Nxf4+ Ke5 44. Rxf7 Rxg5 45. Nd3+ Kxe4 46. Nf2+ Ke3
47. Ng4+ Kd3 48. Kh4 Rh5+ 49. Kg3 Ne2+ 50. Kf2 Nc1 51. Rf6 c5 52. Rxg6 Nxa2 53.
Rf6 Nc1 54. Rf3+ Kc2 55. Nf6 Rh2+ 56. Kg3 Re2 57. Nd5 Nxb3 58. Rc3+ Kb2 59. Rc4
Nd2 60. Rxc5 Ne4+ 61. Kf3 Nxc5 62. Kxe2 1/2-1/2

[Event "World Rapid Women 2017"]
[Site "Riyadh KSA"]
[Date "2017.12.26"]
[Round "3.40"]
[White "Atalik, Ekaterina"]
[Black "Badelka, Olga"]
[Result "1-0"]
[WhiteTitle "IM"]
[BlackTitle "WIM"]
[WhiteElo "2451"]
[BlackElo "2388"]
[WhiteFideId "4130189"]
[BlackFideId "13509926"]
[EventDate "2017.12.26"]

1. d4 d5 2. c4 dxc4 3. Nf3 Nf6 4. e3 b5 5. a4 b4 6. Bxc4 e6 7. O-O Bb7 8. Qe2 c5
9. Rd1 Nbd7 10. b3 Qc7 11. Bb2 Be7 12. Nbd2 O-O 13. Rac1 Rac8 14. Ne5 Qb8 15.
Ndf3 Nxe5 16. Nxe5 Rfd8 17. dxc5 Rxc5 18. Rxd8+ Qxd8 19. Bd4 Rc8 20. Bxa7 Bd6
21. Bd4 Qa5 22. f4 Bd5 23. Qf1 Bb7 24. Bb5 Rf8 25. Nc4 Qd8 26. Nxd6 Qxd6 27. Bc5
Qd2 28. Rd1 Qc2 29. Bxf8 Kxf8 30. Bd3 Qxb3 31. a5 Ng4 32. Re1 Qa3 33. a6 Ba8 34.
Qe2 Nf6 35. Qc2 Nd5 36. Qc5+ Ke8 37. Bb5+ Kd8 38. Qd6+ 1-0

[Event "World Rapid Women 2017"]
[Site "Riyadh KSA"]
[Date "2017.12.26"]
[Round "3.41"]
[White "Belenkaya, Dina"]
[Black "Javakhishvili, Lela"]
[Result "0-1"]
[WhiteTitle "WGM"]
[BlackTitle "IM"]
[WhiteElo "2303"]
[BlackElo "2449"]
[WhiteFideId "24142654"]
[BlackFideId "13601458"]
[EventDate "2017.12.26"]

1. e4 d6 2. d4 Nf6 3. Nc3 g6 4. Nf3 Bg7 5. Be2 O-O 6. O-O c6 7. a4 Nbd7 8. Re1
Qc7 9. Bf1 e5 10. a5 Re8 11. g3 Nf8 12. Bg2 Bg4 13. Be3 d5 14. dxe5 Nxe4 15. Bd4
Nxc3 16. Bxc3 a6 17. Ra4 Bxf3 18. Qxf3 Bxe5 19. Rxe5 Rxe5 20. Bxe5 Qxe5 21. Qb3
Rb8 22. Rb4 Qc7 23. c4 dxc4 24. Rxc4 Re8 25. Qc3 Nd7 26. b4 Qe5 27. Qxe5 Rxe5
28. Bh3 f5 29. Kf1 Kf7 30. g4 fxg4 31. Bxg4 Nf6 32. Bc8 Rb5 33. Rf4 Ke7 34. Ke2
Nd5 35. Rh4 h5 36. Re4+ Kf6 37. Re6+ Kg5 38. h4+ Kxh4 39. Kf3 g5 40. Re4+ g4+
41. Kg2 Nxb4 42. f4 Nd5 43. f5 Kg5 44. Re8 Nf6 45. Re7 Rxa5 46. Rxb7 Ra2+ 47.
Kf1 h4 48. Rg7+ Kf4 49. Rg6 Ke5 50. Kg1 h3 51. Kh1 a5 52. Rg7 Ne4 53. f6 Ng3+
54. Kg1 h2# 0-1

[Event "World Rapid Women 2017"]
[Site "Riyadh KSA"]
[Date "2017.12.26"]
[Round "3.42"]
[White "Ovod, Evgenija"]
[Black "Cramling, Pia"]
[Result "0-1"]
[WhiteTitle "IM"]
[BlackTitle "GM"]
[WhiteElo "2364"]
[BlackElo "2450"]
[WhiteFideId "4131827"]
[BlackFideId "1700030"]
[EventDate "2017.12.26"]

1. d4 Nf6 2. Bg5 d5 3. e3 c5 4. Bxf6 gxf6 5. dxc5 Qa5+ 6. Nd2 e6 7. c4 dxc4 8.
Bxc4 Bxc5 9. Nf3 O-O 10. O-O Be7 11. Nd4 e5 12. Qh5 Qxd2 13. Rfd1 Qb4 14. Bd3 f5
15. a3 Qb6 16. Bxf5 Bxf5 17. Nxf5 Qf6 18. Rac1 Kh8 19. Rc4 Nc6 20. Rd7 Rad8 21.
Rxd8 Rxd8 22. h3 Rg8 23. Qf3 Qe6 24. Re4 Bf8 25. Kh2 Ne7 26. Nd4 Qd5 27. Qf6+
Bg7 28. Qxe7 Qxe4 29. Nf3 Qf5 30. Ng5 Rf8 31. Nf3 e4 0-1

[Event "World Rapid Women 2017"]
[Site "Riyadh KSA"]
[Date "2017.12.26"]
[Round "3.44"]
[White "Nguyen, Thi Mai Hung"]
[Black "Enkhtuul, Altan-Ulzii"]
[Result "1-0"]
[WhiteTitle "WGM"]
[BlackTitle "WGM"]
[WhiteElo "2321"]
[BlackElo "2344"]
[WhiteFideId "12401676"]
[BlackFideId "4901444"]
[EventDate "2017.12.26"]

1. d4 c5 2. d5 d6 3. e4 Nf6 4. Nc3 g6 5. Nf3 Bg7 6. Bb5+ Bd7 7. a4 O-O 8. Nd2
Bxb5 9. axb5 Nbd7 10. O-O Nb6 11. Qe2 Nfd7 12. Ra3 Qc8 13. Nc4 Nxc4 14. Qxc4 Nb6
15. Qa2 Qd7 16. Qb3 Bd4 17. Na4 Nxa4 18. Qxa4 f5 19. c3 Bg7 20. Re1 e5 21. c4
fxe4 22. Qc2 Rf7 23. Qxe4 a6 24. bxa6 bxa6 25. h3 Qf5 26. f3 Rb7 27. Re2 a5 28.
g4 Qf7 29. Kg2 a4 30. Qc2 Qd7 31. Ra2 Rba7 32. Bd2 Rf8 33. Ra3 Qf7 34. Qe4 Qb7
35. Qc2 Qf7 36. Qe4 Qb7 37. Qc2 Qf7 38. Bc1 Qd7 39. Qd1 Qe8 40. b3 Qf7 41. bxa4
Rfa8 42. Qc2 Qd7 43. Qb3 Rxa4 44. Rea2 Rxa3 45. Rxa3 Rxa3 46. Qxa3 Qb7 47. Qb2
Qa7 48. Qb5 Kf7 49. Qc6 Qe7 50. Kf2 Bf6 51. Be3 Bh4+ 52. Ke2 Bf6 53. Kd3 Qd8 54.
Bd2 Be7 55. Qb7 Kg8 56. Qa7 Qf8 57. Ke2 Bh4 58. Qd7 Qe7 59. Qc8+ Kg7 60. Kd3 Qa7
61. Qc6 Be7 62. Qe8 Qb7 63. Kc2 Qa7 64. Kd3 Qb7 65. Qb5 Qa7 66. Bc3 Qa2 67. Qb7
Kf8 68. Qc8+ Kg7 69. Qb7 Kf8 70. Qb8+ Kg7 71. f4 Bf6 72. fxe5 dxe5 73. Bxe5 Bxe5
74. Qxe5+ Kh6 75. Qf4+ Kg7 76. Qc7+ Kf6 77. Qd6+ Kf7 78. Qxc5 Qb1+ 79. Ke2 Qc2+
80. Kf3 Qc3+ 81. Kg2 Kg7 82. Qc7+ Kg8 83. Qc8+ Kg7 84. Qc7+ Kg8 85. Qf4 Qc2+ 86.
Kg3 Qd3+ 87. Kg2 Qe2+ 88. Kg3 Qe1+ 89. Kf3 Qc3+ 90. Ke2 Qc2+ 91. Ke3 Qc3+ 92.
Kf2 Qc2+ 93. Kg3 Qc3+ 94. Kf2 Qc2+ 95. Ke1 Qc3+ 96. Qd2 Qxc4 97. d6 Qe6+ 98. Kd1
Qb3+ 99. Ke1 Qe6+ 100. Kf2 Kf7 101. d7 Qf6+ 102. Kg3 Qd8 103. Qd6 h6 104. Kf4
Qg5+ 105. Kf3 Qd8 106. h4 Qa8+ 107. Kg3 Qd8 108. Kf4 g5+ 109. hxg5 Qxg5+ 110.
Kf3 Qd8 111. Ke4 Qa8+ 112. Ke5 Qa1+ 113. Kd5 Qa2+ 114. Kc6 Qa6+ 115. Kc7 Qa7+
116. Kc8 Qa8+ 117. Qb8 Qc6+ 118. Kd8 Ke6 119. Qb3+ Kf6 120. Qb2+ Ke6 121. Qe2+
Kd6 122. Qd3+ Ke5 123. Qe3+ 1-0